Bilecik Bilecik Bilecik Bilecik Bilecik

Edirne'nin sağlık ve sosyal yardım tarihi : (Record no. 28809)

MARC details
000 -BAŞLIK
Sabit Uzunluktaki Kontrol Alanı 01667nam a22004697a 4500
001 - KONTROL NUMARASI
Control Dosyası 0028887
003 - KONTROL NUMARASI KİMLİĞİ
Kontrol Alanı KOHA_MİRAKIL
005 - EN SON İŞLEM TARİHİ ve ZAMANI
Kontrol Alanı 20260207002644.0
007 - FİZİKSEL TANIM SABİT ALAN - GENEL BİLGİ
Sabit uzunluklu kontrol alanı ta
008 - SABİT UZUNLUKTAKİ VERİ ÖGELERİ - GENEL BİLGİ
Sabit Alan 110325b2009 tu |||gr||||#||||0|tu# |
020 ## - ISBN - ULUSLARARASI STANDART KİTAP NUMARASI
Isbn 9789753741026
040 ## - KATALOGLAMA KAYNAĞI
Özgün Kataloglama Kurumu TR-BiSEU
Kataloglama Dili tur
Çeviri Kurumu TR-BiSEU
Açıklama Kuralları rda
041 0# - DİL KODU
Metin ya da ses kaydının dil kodu tu
044 ## - YAYINLAYAN/ÜRETEN KURULUŞUN ÜLKE KODU
ISO country code tu
050 ## - SINIFLAMA ve YER NUMARASI
Sınıflama Numarası RA538
Yer Numarası .K39 2009
100 1# - KİŞİ ADI
Yazar Adı (Kişi adı) Kazancıgil, Ratip.
245 1# - ESER ADI BİLDİRİMİ
Başlık Edirne'nin sağlık ve sosyal yardım tarihi :
Alt Eseradı vb. 1361-2008/
Sorumluluk Bildirimi Ratip Kazancıgil ; Ratip Kazancıgil.
264 #1 - ÜRERİM, YAYIN, DAĞITIM ve TELİF BİLDİRİMİ
Yayın yeri Edirne :
Yayınlayan Trakya Üniversitesi
Yayın tarihi 2009
300 ## - FİZİKSEL TANIMLAMA
Sayfa, Cilt vb. 464 s. ;
Boyutları 21 cm.
336 ## - İÇERİK TÜRÜ
Content type term metin
Content type code txt
Source rdacontent
337 ## - MEDYA TÜRÜ
Media type term aracısız
Media type code n
Source rdamedia
338 ## - TAŞIYICI TÜRÜ
Carrier type term cilt
Carrier type code nc
Source rdacarrier
500 ## - GENEL NOT
Genel Not Dizin var.
500 ## - GENEL NOT
Genel Not Kaynakça var.
650 #0 - KONU BAŞLIĞI EK GİRİŞ - KONU TERİMİ
Konusal terim veya coğrafi ad Sağlık--Türkiye--Edirne--Tarih.
9 (RLIN) 57204
650 #0 - KONU BAŞLIĞI EK GİRİŞ - KONU TERİMİ
Konusal terim veya coğrafi ad Kamu sağlığı--Türkiye--Edirne--Tarih.
9 (RLIN) 57205
650 #0 - KONU BAŞLIĞI EK GİRİŞ - KONU TERİMİ
Konusal terim veya coğrafi ad Sağlık--Türkiye--Tarih.
9 (RLIN) 57206
650 #0 - KONU BAŞLIĞI EK GİRİŞ - KONU TERİMİ
Konusal terim veya coğrafi ad Tıp--Türkiye--Edirne--Tarihi.
9 (RLIN) 57207
650 #0 - KONU BAŞLIĞI EK GİRİŞ - KONU TERİMİ
Konusal terim veya coğrafi ad Sosyal hizmet--Türkiye--Edirne.
9 (RLIN) 57208
650 #0 - KONU BAŞLIĞI EK GİRİŞ - KONU TERİMİ
Konusal terim veya coğrafi ad Kamu refahı--Türkiye--Edirne.
9 (RLIN) 57209
650 #0 - KONU BAŞLIĞI EK GİRİŞ - KONU TERİMİ
Konusal terim veya coğrafi ad Edirne (Türkiye)--Tarih.
9 (RLIN) 20667
650 #0 - KONU BAŞLIĞI EK GİRİŞ - KONU TERİMİ
Konusal terim veya coğrafi ad Edirne, Türkiye--Sağlık.
9 (RLIN) 57210
650 #0 - KONU BAŞLIĞI EK GİRİŞ - KONU TERİMİ
Konusal terim veya coğrafi ad Health--Turkey--Edirne--History.
9 (RLIN) 57211
650 #0 - KONU BAŞLIĞI EK GİRİŞ - KONU TERİMİ
Konusal terim veya coğrafi ad Public health-- Turkey-- Edirne--History.
9 (RLIN) 57212
650 #0 - KONU BAŞLIĞI EK GİRİŞ - KONU TERİMİ
Konusal terim veya coğrafi ad Health--Turkey--History.
9 (RLIN) 57213
650 #0 - KONU BAŞLIĞI EK GİRİŞ - KONU TERİMİ
Konusal terim veya coğrafi ad Medicine-- Turkey-- Edirne--History.
9 (RLIN) 57214
650 #0 - KONU BAŞLIĞI EK GİRİŞ - KONU TERİMİ
Konusal terim veya coğrafi ad Social service-- Turkey-- Edirne.
9 (RLIN) 57215
650 #0 - KONU BAŞLIĞI EK GİRİŞ - KONU TERİMİ
Konusal terim veya coğrafi ad Public welfare-- Turkey-- Edirne.
9 (RLIN) 57216
650 #0 - KONU BAŞLIĞI EK GİRİŞ - KONU TERİMİ
Konusal terim veya coğrafi ad Edirne (Turkey)-- History.
9 (RLIN) 57217
650 #0 - KONU BAŞLIĞI EK GİRİŞ - KONU TERİMİ
Konusal terim veya coğrafi ad Edirne, Turkey--Health.
9 (RLIN) 57218
942 ## - EK GİRİŞ ÖGELERİ (KOHA)
Source of classification or shelving scheme Library of Congress Classification
Koha item type Book
Holdings
Materyal Türü Kalıcı Konum Mevcut Konum Raf Yeri Sınıflandırma Kaynağı Edinim Bilgisi Ana Konular Alt Konular Yer Numarası Cilt Bilgisi Demirbaş Numarası Fatura Tarihi Maliyet, Alış Fiyatı Maliyet, Yenileme Fiyatı Geri Çekilme Durumu Kayıp Durumu Hasarlı Durumu Kredi için değil Kayıt Tarih Toplam Ödünçverme Son Görülme Tarihi Son Kontrol Tarihi Genel / Bağış Notu
Book Prof. Dr. Azmi Özcan Kütüphanesi Prof. Dr. Azmi Özcan Kütüphanesi Birûni Salonu Library of Congress Classification Bağış TIP Tıbbın Sosyal Yönleri (Halk Sağlığı) RA538 .K39 2009 c.2 0028887 02/02/2026 15.00 15.00         25/03/2011   05/12/2024 05/12/2024 Genel Bağış